| 000 | 00680nas a2200241 454500 | ||
|---|---|---|---|
| 001 | IICA0600403 | ||
| 003 | BR-BrBNA | ||
| 005 | 20260323111520.0 | ||
| 007 | ta | ||
| 008 | 260323b bl.|||p| |||| 00| 00por d | ||
| 040 |
_aBR-BrBNA _bpor _cBiblioteca Nacional de Agricultura |
||
| 041 | _a(Es) | ||
| 072 | _aF62 | ||
| 100 | 1 | _a[Anon] | |
| 245 | 1 | _aFactores que influyen en la incubacion de la papa | |
| 300 | _av. 3 (1-2) p. 32-34 | ||
| 650 | _aBATATA | ||
| 650 | _aSOLANUM TUBEROSUM | ||
| 650 | _aINCUBACAO | ||
| 773 | 0 |
_tTURRIALBA (IICA) _X0041-4360 _g(Jan-Jun 1953), v. 3 (1-2) p. 32-34 _wIICA0600403 |
|
| 909 |
_a202603 _bLúcia _c55 _dLúcia Elande |
||
| 942 |
_2IICA _n0 _cANA |
||
| 999 |
_c340654 _d340654 |
||